| 000 | 00505nam a22001937a 4500 | ||
|---|---|---|---|
| 003 | NALT | ||
| 005 | 20210714163824.0 | ||
| 008 | s2002 eng d | ||
| 040 | _aNALT | ||
| 041 | _aeng | ||
| 050 |
_aBP 75.29 _bA42M |
||
| 100 | 1 |
_aAlavi, Khalid _953911 |
|
| 245 | 1 | 0 |
_aMuhammad, the prophet of Islam / _cKhalid Alavi. |
| 260 |
_aIslamabad : _bDa'wah Academy, IIU, _c2002 |
||
| 300 |
_a336 p. ; _c22 cm. |
||
| 600 | 1 | 4 |
_953912 _aMuhammad, Prophet |
| 850 | _aNALT | ||
| 942 |
_cGB _2lcc |
||
| 999 |
_c40386 _d40386 |
||
| 998 |
_j109 _k อารีรัตน์ วิชาช่าง |
||